OPAC Home

සංස්කෘත ව්‍යාකරණ තරංගණී - කාරක, සමාස, තද්ධිත තරංග (Record no. 102404)

MARC details
000 -LEADER
fixed length control field 00621nam a2200181Ia 4500
003 - CONTROL NUMBER IDENTIFIER
control field LK-CoDNM
008 - FIXED-LENGTH DATA ELEMENTS--GENERAL INFORMATION
fixed length control field 010623t1951 xxu||||| |||| 00| 1 sin d
040 ## - CATALOGING SOURCE
Original cataloging agency LK-CoDNM
Modifying agency LK-CoDNM
Description conventions LK-CoDNM
041 ## - LANGUAGE CODE
Language code of text/sound track or separate title Sinhala; Sinhalese
080 ## - UNIVERSAL DECIMAL CLASSIFICATION NUMBER
Universal Decimal Classification number 809.12
Item number DAM
942 ## - ADDED ENTRY ELEMENTS (KOHA)
Koha item type Books
100 ## - MAIN ENTRY--PERSONAL NAME
Personal name Rev.Dammananda, Hegoda
245 ## - TITLE STATEMENT
Title සංස්කෘත ව්‍යාකරණ තරංගණී - කාරක, සමාස, තද්ධිත තරංග
246 ## - VARYING FORM OF TITLE
Title proper/short title Sanskrutha vyakarana tharanganee : Karaka, Samasa, Thadditha tharanga
260 ## - PUBLICATION, DISTRIBUTION, ETC. (IMPRINT)
Name of publisher, distributor, etc. Viddyodaya piriwena
Date of publication, distribution, etc. 1951
300 ## - PHYSICAL DESCRIPTION
Other physical details 254, 21.5 cm
650 ## - SUBJECT ADDED ENTRY--TOPICAL TERM
Topical term or geographic name as entry element Language Linguisties
Holdings
Withdrawn status Lost status Damaged status Not for loan Collection code Permanent Location Current Location Date acquired Full call number Barcode Koha item type
        Monographs Library National Museum Colombo - Sri Lanka Library National Museum Colombo - Sri Lanka 2023-08-02 809.12 DAM P25391 Books
Copyright © 2023 Department of National Museum, Colombo 07, Sri Lanka Funded by UNESCO IFAP UNESCO